| 000 | 00812 a2200253 4500 | ||
|---|---|---|---|
| 999 |
_c16999 _d3712 |
||
| 001 | 16999 | ||
| 003 | TR-AnTOB | ||
| 005 | 20230622001134.0 | ||
| 008 | 041102s1993 tu tur | ||
| 020 | _a9754980632 | ||
| 040 |
_aTR-AnTOB _cTR-AnTOB |
||
| 041 | _atur | ||
| 050 |
_aDR573.5.P76 _bS86 1993 |
||
| 090 | _aDR573.5.P76 S86 1993 | ||
| 100 |
_aSumner, B. H., _q(Benedict Humphrey), _d1893-1951 _98471 |
||
| 245 | 0 |
_aBüyük Petro ve Osmanlı imparatorluğu / _cB. H. Summer ; çev. Eşref Bengi Özbilen. |
|
| 264 | 1 |
_aİstanbul : _bTürk Dünyası Araştırmaları Vakfı, _c1993 |
|
| 300 |
_a92 p. ; _c20 cm. |
||
| 600 | 0 | 0 |
_aPeter, _bI, _cEmperor of Russia, _d1672-1725 _955349 |
| 651 | 7 |
_aTürkiye _xTarih _yOsmanlı İmparatorluğu, 1288-1918 _2etuturkob _955241 |
|
| 902 | _a0008612 | ||
| 942 |
_cBK _2lcc |
||